| 000 | 01370cam a22003134a 4500 | ||
|---|---|---|---|
| 001 | 13422058 | ||
| 003 | NUST-PNEC | ||
| 005 | 20170116180703.0 | ||
| 008 | 031203s2004 njua b 001 0 eng | ||
| 010 | _a 2003066091 | ||
| 020 | _a0470861568 | ||
| 040 | _cPNEC | ||
| 042 | _apcc | ||
| 050 | 0 | 0 |
_aTA645 _b.D69 2004 |
| 082 | 0 | 0 | _a624.176 DOY |
| 100 | 1 |
_aDoyle, James F., _d1951- |
|
| 245 | 1 | 0 |
_aModern experimental stress analysis : _bcompleting the solution of partially specified problems / _cJames F. Doyle. |
| 260 |
_aHoboken, NJ : _bWiley, _c2004. |
||
| 300 |
_axiii, 424 p. : _bill. ; _c25 cm. |
||
| 500 | _ahttp://www.amazon.com/Modern-Experimental-Stress-Analysis-Completing/dp/0470861568/ref=sr_1_1?ie=UTF8&qid=1410601487&sr=8-1&keywords=0470861568 | ||
| 504 | _aIncludes bibliographical references (p. [413]-422) and index. | ||
| 650 | 0 |
_aStructural analysis (Engineering). _xME |
|
| 650 | 0 | _aStrains and stresses. | |
| 856 | 4 | 2 |
_3Publisher description _uhttp://www.loc.gov/catdir/description/wiley041/2003066091.html |
| 856 | 4 | 1 |
_3Table of contents _uhttp://www.loc.gov/catdir/toc/wiley041/2003066091.html |
| 906 |
_a7 _bcbc _corignew _d1 _eocip _f20 _gy-gencatlg |
||
| 942 |
_2ddc _cBK |
||
| 999 |
_c60636 _d60636 |
||